000 00819nam a2200205Ii 4500
003 JO-AjNU
008 230605s9999||||xx |||||||||||||| ||und||
040 _aJO-AjNU
_bara
_erda
_cJO-AjNU
041 _aara
050 1 4 _aN350.B376 1975
100 3 _aالبسيوني، محمود تأليف ,
_eauthor
_938120
245 0 0 _aأصول التربية الفنية : تاريخها أهدافها مناهجها خططها دروسها معارضها وأساليب تقويمها
250 _aط2
264 3 1 _aمصر:دار المعارف،1975
300 _a273ص
336 _atext
_btxt
_2rdacontent
337 _aunmediated
_bn
_2rdamedia
338 _avolume
_bnc
_2rdacarrier
650 4 _aتطور التربية الفنية-الآلهة والحرفة- تخطيط -هدف التربية الفنية
_938121
999 _aA15989
_c19557
_d19557